Funções Orgânicas - Statistics

Estatísticas Gerais
  • Esse quiz foi jogado 100 vezes
  • A pontuação média é 8 de 11
Estatísticas das Respostas
Hint Resposta % Correto
2 Álcool
93%
4 Éter
88%
8 Éster
86%
3 Fenol
86%
5 Ácido Carboxílico
85%
7 Cetona
85%
10 Amina
78%
6 Aldeído
77%
11 Amida
74%
1 Hidrocarboneto
70%
9 anidrido
10%
Nenhum quiz correspondente encontrado
Distribuição das Pontuações
Porcentagem de Pessoas com Cada Pontuação
Percentil de Números Respondidos
Sua Pontuação Histórica
Você não jogou esse quiz